000 01238nmc a2200421 a 4500
003 AR-BaBNM
005 20251128204403.0
008 025119s1988 ||||||||||||||000 | spa||
020 _a950-548-004-0
040 _cAR-BaBNM
100 1 _aPenchansky de Bosch, Lydia
245 1 0 _aDesarrollo intelectual del preescolar
250 _a2ª ed.
260 _aBuenos Aires
_bLibrería del Colegio
_c1988
300 0 _a151 p.
_bgráfs. il.
490 0 _aBiblioteca nueva pedagogía
500 0 _aLista de títulos de la colección
504 _aContiene bibliografía
600 1 4 _aPiaget, Jean
650 4 _aJUEGOS INFANTILES
650 4 _aJUEGOS EDUCATIVOS
650 4 _aDESARROLLO COGNOSCITIVO
650 4 _aDESARROLLO DEL NINO
650 4 _aPSICOLOGIA DEL NINO
650 4 _aDESARROLLO DE LA CREATIVIDAD
650 4 _aEDUCACION DE LA PRIMERA INFANCIA
650 4 _aLENGUAJE DEL NINO
650 4 _aROL DEL DOCENTE
650 4 _aPSICOLOGIA DE LA EDUCACION
650 4 _aPSICOLOGIA EVOLUTIVA
653 0 _aEDUCACION INICIAL
653 0 _aJARDINES DE INFANTES
653 0 _aACTIVIDADES PRACTICAS
653 0 _aJARDINES MATERNALES
800 1 _aManganiello, Ethel María
942 _cBK
998 _cMARTIN
999 _c7253
_d7253